| 000 | 01827nam a22002777a 4500 | ||
|---|---|---|---|
| 999 |
_c59439 _d59439 |
||
| 003 | Ge_BSU | ||
| 005 | 20230216142242.0 | ||
| 008 | 230216s2006 ge ||||| |||| 00| 0 geo d | ||
| 020 | _a 9994058703 | ||
| 041 | _ageo | ||
| 080 | _a341.981.8 ა-26 | ||
| 245 |
_a ადამიანის უფლებათა კომიტეტის მიერ განხილული ძირითადი საქმეები = Leading Cases of the Human Rights Committee / _cშეადგინეს: რაიჯა ჰანსკიმ და მარტინ შაინინმა ; თარგმ. ანა გეგეჭკორისა. |
||
| 264 |
_aთბილისი : _bადამიანის უფლებათა ინ-ტი: აბო აკად. უნ-ტი: თურქუ, _c2006. |
||
| 300 |
_a567გვ. ; _b24სმ. |
||
| 490 | _aსახალხო დამცველის ბიბლიოთეკა | ||
| 501 | _aსაძ.: გვ. 552-567. | ||
| 504 | _aმოკლე ბიბლიოგრ.: გვ. 549. | ||
| 653 | _aადამიანის უფლებათა საერთაშორისო სასამართლოები | ||
| 653 | _a აადამიანი უფლებათა დაცვის ორგანიზაციები | ||
| 653 | _a საერთაშორისო სასამართლოები | ||
| 653 | _a ადამიანის სამოქალაქო უფლებები | ||
| 653 | _a ადამიანის ძირითადი უფლებები | ||
| 700 |
_aჰანსკი, რაიჯა _eშემდგენელი _916945 |
||
| 700 |
_aშაინინ, მარტინ _916946 |
||
| 942 |
_2udc _cBK |
||